| 000 | 00638nam a2200217 a 4500 | ||
|---|---|---|---|
| 005 | 20230128063903.0 | ||
| 008 | 991125s1996 es 000 0 spa u | ||
| 020 | _a8427710038 | ||
| 035 | _aUPN01000000613 | ||
| 049 | _aCG | ||
| 050 | 4 |
_aLB1186 _bL3.2 1996 |
|
| 100 | 1 | _aLahora, M. Cristina | |
| 245 | 1 | 0 |
_aActividades matemáticas : _bcon niños de 0 a 6 años / _cM. Cristina Lahora. |
| 250 | _a2a ed. | ||
| 260 |
_aMadrid : _bNarcea, _c1996. |
||
| 300 |
_a174 p. : _bil. |
||
| 440 | 0 | _aPrimeros años | |
| 650 | 4 |
_aMatemáticas _xEstudio y enseñanza (Preescolar) _94038 |
|
| 650 | 2 |
_aNiños en edad preescolar _91527 |
|
| 905 | _aLibro | ||
| 999 |
_c613 _d613 |
||